| 000 | 00574nam a22001697a 4500 | ||
|---|---|---|---|
| 005 | 20251108164157.0 | ||
| 008 | 250721s1987 xx 000 0 ara d | ||
| 082 | 1 | 4 | _a301.32/سكا |
| 100 | 1 | _aعبد المعطي، عبد الباسط | |
| 245 | 1 | 0 | _aالسكان و المجتمع / |
| 264 | 1 |
_aالاسكندريه : _bدار المعرفة الجامعية، _c1987. |
|
| 300 | _a400ص | ||
| 490 | 0 | _aعلم الإجتماع و قضايا الإنسان و المجتمع ، الكتاب الثاني | |
| 650 | 1 | 7 | _aالسكان |
| 942 |
_2ddc _cBK |
||
| 999 |
_c5601 _d5601 |
||